Quiz Nom et Prénom joueurs de foot TFC - Statistiques

Statistiques générales
  • Ce quiz a été pris 113 fois
  • Le résultat moyen est 12 sur 16
Statistiques - réponses
Par images Réponse % Correct
Maxime Dupé
91%
Mikkel Desler
89%
Branco Van Den Boomen
88%
Rasmus Nicolaisen
87%
Stijn Spierings
84%
Anthony Rouault
82%
Rafael Ratao
77%
Moussa Diarra
73%
Denis Genreau
72%
Nathan Ngoumou
72%
Brecht Dejaegere
71%
Bafodé Diakité
69%
Issiaga Sylla
69%
Ado Onaiwu
66%
Rhys Healey
56%
Junior Flemmings
34%
Aucun quiz correspondant
Distribution des résultats
% des personnes avec chaque résultat
Percentile par nombre de réponses
Votre historique - résultats
Vous n’avez pas pris ce quiz